Clubs that have won the Champions League; Sudden Death - Statistics

General Stats
  • This quiz has been taken 8 times
    5 since last reset
  • The average score is 9 of 15
Answers on the Grid
Answers color-coded by a green-red scale on the quiz's grid according to % correct below.
Real Madrid
Atlético Madrid
Manchester City
Manchester United
Nottingham Forest
PSG
Aston Villa
Sevilla
Arsenal
Tottenham Hotspur
FCSB/ Steaua Bucharest
Celtic
Red Star Belgrade
Barcelona
Bayern Munich
FC Porto
Birmingham City
Olympique Lyon
Ajax
Hamburger SV
Sporting Clube de Portugal
AS Monaco
Real Betis
Notts County
Rapid Wein
Juventus
Inter Milan
SS Lazio
AS Roma
FC Sion
 
Answer Stats
Answer % Correct
Manchester City
100%
Manchester United
100%
Real Madrid
100%
Nottingham Forest
75%
Ajax
50%
Aston Villa
50%
Barcelona
50%
Bayern Munich
50%
Celtic
50%
FC Porto
50%
Hamburger SV
50%
Inter Milan
50%
Juventus
50%
Red Star Belgrade
50%
FCSB/ Steaua Bucharest
25%
No matching quizzes found
Score Distribution
Percent of People with Each Score
Percentile by Number Answered
Your Score History
You have not taken this quiz since the last reset